UM Logo

General psychology: (Record no. 1693)

MARC details
000 -LEADER
fixed length control field 00701nam a22001937a 4500
008 - FIXED-LENGTH DATA ELEMENTS--GENERAL INFORMATION
fixed length control field 160412b xxu||||| |||| 00| 0 eng d
020 ## - INTERNATIONAL STANDARD BOOK NUMBER
International Standard Book Number 971-92373-7-6
082 ## - DEWEY DECIMAL CLASSIFICATION NUMBER
Edition number 2005
Classification number DFil 150
Item number Ab3g
100 ## - MAIN ENTRY--PERSONAL NAME
9 (RLIN) 5352
Personal name Abelos, Alex V.
245 ## - TITLE STATEMENT
Title General psychology:
Remainder of title with emphasis on human growth and development through the life span/
Statement of responsibility, etc. Alex V. Abelos, Cleofas M. Basaen and Jaime E. Payawal.
250 ## - EDITION STATEMENT
Edition statement First edition.
260 ## - PUBLICATION, DISTRIBUTION, ETC. (IMPRINT)
Place of publication, distribution, etc. Baguio City:
Name of publisher, distributor, etc. Valencia Educational Supply,
Date of publication, distribution, etc. c2005.
300 ## - PHYSICAL DESCRIPTION
Extent 391 pages;
Dimensions 23 cm.
500 ## - GENERAL NOTE
General note Includes bibliographical references.
650 #0 - SUBJECT ADDED ENTRY--TOPICAL TERM
9 (RLIN) 5355
Topical term or geographic name as entry element Psychology.
700 ## - ADDED ENTRY--PERSONAL NAME
9 (RLIN) 5353
Personal name Basaen, Cleofas M.
700 ## - ADDED ENTRY--PERSONAL NAME
9 (RLIN) 5354
Personal name Payawal, Jaime E.
942 ## - ADDED ENTRY ELEMENTS (KOHA)
Source of classification or shelving scheme Dewey Decimal Classification
Koha item type Filipiniana
Holdings
Withdrawn status Lost status Source of classification or shelving scheme Damaged status Not for loan Collection code Home library Current library Date acquired Source of acquisition Total Checkouts Full call number Barcode Date last seen Copy number Cost, replacement price Price effective from Koha item type
    Dewey Decimal Classification     Filipiniana UM Digos College - LIC UM Digos College - LIC 08/14/2008 Purchased   DFil 150 Ab3g 2005 19552 05/15/2025 2 325.00 04/12/2016 Filipiniana